Foundation of information technolgy (Record no. 6982)
[ view plain ]
| 000 -LEADER | |
|---|---|
| fixed length control field | 00234nam a22000857a 4500 |
| 008 - FIXED-LENGTH DATA ELEMENTS--GENERAL INFORMATION | |
| fixed length control field | 170621b xxu||||| |||| 00| 0 eng d |
| 100 ## - MAIN ENTRY--PERSONAL NAME | |
| 9 (RLIN) | 3594 |
| Personal name | Bansal. S. K |
| 245 ## - TITLE STATEMENT | |
| Title | Foundation of information technolgy |
| 260 ## - PUBLICATION, DISTRIBUTION, ETC. (IMPRINT) | |
| Place of publication, distribution, etc. | New Delhi |
| Name of publisher, distributor, etc. | A. P. H |
| Date of publication, distribution, etc. | 2002 |
| Withdrawn status | Lost status | Source of classification or shelving scheme | Damaged status | Koha normalized classification for sorting | Not for loan | Home library | Current library | Shelving location | Date acquired | Total Checkouts | Full call number | Barcode | Date last seen | Price effective from | Koha item type |
|---|---|---|---|---|---|---|---|---|---|---|---|---|---|---|---|
| Dewey Decimal Classification | BAN_005_130000000000000_A8 | Good Samaritan School Library | Good Samaritan School Library | Computer Science | 06/21/2017 | BAN005.13 A-8 | BAN7742 | 06/21/2017 | 06/21/2017 | BOOK |